Responses for show #7274 - Thursday, April 7, 2016

Contestants

Courtney Corcoran, a stay-at-home mom from Alexandria, Virginia

Ken Sansone, an assistant attorney general from Bedford, New Hampshire

Jeff Crosby, a youth ministry consultant from Rochester, New York (whose 2-day cash winnings total $30,201)

Jeopardy! Round responses

GOOD WORKOUT SONGS
CAIRO
THE FINAL CHAPTER
STABLE CHARACTERS
"I.M."
PAY
    $200 21
Lady Gaga

Jeff
    $200 10
the Nile

Courtney
    $200 28
The Pickwick Papers

Jeff
    $200 14
Alexander the Great

Ken
    $200 29
in memoriam

Courtney
    $200 30
jail

Jeff
    $400 22
Bon Jovi

Courtney
    $400 11
(Courtney: What is the Cairo Museum?)

the Egyptian Museum

KenCourtney
    $400 1
The World According to Garp

Ken
    $400 27
the Duke of Wellington

Jeff
    $400 26
the individual medley

Jeff
    $400 13
five cents

Courtney
    $600 2
"Turn Down For What"

Jeff
    $600 18
(Hosni) Mubarak

Ken
    $600 3
Call of the Wild

Ken
    $600 23
Silver

Jeff
    $600 8
internal medicine

Jeff
    $600 15
a finder's fee

Ken
    $800 6
"We're Not Gonna Take It"

Ken
    $800 19
belly dancing

Ken
    $800 4
(Jeff: What is Les Misérables?)

Moby Dick

JeffKen
    $800 24
Mr. Ed

Jeff
    $800 9
(Jeff:Who is Marcos?)
(Alex: No. Courtney?)
(Courtney: Who is [*]?)
(Alex: Yes. I.M. I.M..)

Imelda Marcos

JeffCourtney
    $800 16
layaway plan

Triple Stumper
    $1000 7
Keith Urban

Triple Stumper
    $1000 20
a caliph

Jeff
    $1000 5
The Brothers Karamazov

Triple Stumper
    $1000 25
Clever Hans

Triple Stumper
    $1000 12
the Isle of Man

Triple Stumper
    $2,500 17
a king's ransom

Ken

Scores at the first commercial break (after clue 15):

Jeff Ken Courtney
-$400 $3,800 $1,000

Scores at the end of the Jeopardy! Round:

Jeff Ken Courtney
$3,400 $7,700 $1,600

Double Jeopardy! Round responses

HOW "SWEET" IT IS
EXPERIMENTS
THE OLD WEST
MOVIE TITLES IN OTHER COUNTRIES
WORDS IN U.S. CAPITALS
I.M. PEI
    $400 30
the sweet spot

Ken
    $400 29
gasses

Ken
    $400 1
(Jeff: Who is Wild Bill?)

Buffalo Bill

JeffKen
    $400 28
Grease

Jeff
    $400 27
a nap (in Annapolis)

Ken
    $400 8
the Louvre

Jeff
    $800 2
Sweethearts

Ken
    $800 4
(Jeff: What are folds?)
(Ken: What are warps?)

ripples

JeffKen
Triple Stumper
    $800 15
Dodge City

Ken
    $800 23
There Will Be Blood

Courtney
    $800 19
rent (in Trenton)

Jeff
    $800 11
Lake Erie

Jeff
    $1200 3
sweet & sour chicken

Courtney
    $1200 5
electrons

Ken
    $1200 16
(Pat) Garrett

Jeff
    $1200 24
Knocked Up

Ken
    $1200 20
a ring (in Springfield)

Ken
    $1200 9
the FAA (Federal Aviation Agency)

Ken
    $5,000 6
sweetness & light

Ken
    $1600 13
(Courtney: What is the Enterprise?)

Skylab

Courtney
Triple Stumper
    $1600 17
Oklahoma

Jeff
    $1600 25
(Alex: That's it, we have less than a minute now.)

The French Connection

Jeff
    $5,000 21
a ban (in Albany)

Ken
    $1600 10
(John) Hancock

Jeff
    $2000 7
(Ken: What is sweetwater?)

Sweet Briar College

Ken
Triple Stumper
    $2000 14
rice

Courtney
    $2000 18
the Sundance Kid and Etta Place

Triple Stumper
    $2000 26
Eternal Sunshine of the Spotless Mind

Ken
    $2000 22
(Ken: What is a lira?)

a yen (in Cheyenne)

JeffKen
    $2000 12
Qatar

Jeff

Scores at the end of the Double Jeopardy! Round:

Jeff Ken Courtney
$14,600 $22,900 $4,000

[wagering suggestions for these scores]

Final Jeopardy! Round responses

BRITISH HISTORY
CourtneyWhat is King of England
$3,900
JeffWhat is Defender of the Faith?
$6,000
KenWhat is Duke of York?
$7,000
King of France

Final scores:

Jeff Ken Courtney
$8,600 $15,900 $100
2nd place: $2,000 New champion: $15,900 3rd place: $1,000

Game dynamics:

Coryat scores:

Jeff Ken Courtney
$14,600 $14,600 $4,000
20 R,
4 W
23 R
(including 3 DDs),
3 W
8 R,
2 W

Combined Coryat: $33,200

The J! Archive is created by fans, for fans. The Jeopardy! game show and all elements thereof, including but not limited to copyright and trademark thereto, are the property of Jeopardy Productions, Inc. and are protected under law. This website is not affiliated with, sponsored by, or operated by Jeopardy Productions, Inc. Join the discussion at JBoard.tv.